000 00299nam a22001337a 4500
008 170615b xxu||||| |||| 00| 0 eng d
020 _a9780155002814
041 _aeng
080 _a32
100 _a19
101 _aSHP
245 _aAMERICAN POLITICAL DICTIONARY
_cPLANO.J,C
942 _2udc
_cBK
999 _c17514
_d17514